Most Streamed Linkin Park Song by Album - Statistics

General Stats
  • This quiz has been taken 65 times
  • The average score is 6 of 8
Answer Stats
Year Album Song % Correct
2000 Hybrid Theory In the End
98%
2003 Meteora Numb
98%
2007 Minutes to Midnight What I've Done
88%
2024 From Zero The Emptiness Machine
82%
2017 One More Light One More Light
79%
2012 Living Things Burn It Down
70%
2010 A Thousand Suns The Catalyst
58%
2014 The Hunting Party Final Masquerade
44%
No matching quizzes found
Score Distribution
Percent of People with Each Score
Percentile by Number Answered
Your Score History
You have not taken this quiz